Rozpoznaj przewoźnika po pociągu - Statystyki

Ogólne statystyki
  • Ten quiz został rozwiązany 69 razy
  • Średni wynik to 9 z 12
Statystyki odpowiedzi
Obrazkowy Odpowiedź % Poprawnych
PKP Intercity
90%
Polregio
89%
Koleje Mazowieckie
87%
Koleje Dolnośląskie
78%
Koleje Śląskie
78%
Koleje Małopolskie
75%
SKM Trójmiasto
73%
Koleje Wielkopolskie
71%
Łódzka Kolej Aglomeracyjna
70%
SKPL
68%
SKM Warszawa
60%
Arriva
51%
Nie znaleziono quizów pasujących do podanych kryteriów
Rozkład punktacji
Procent ludzi z każdym wynikiem
Percentyl według liczby udzielonych odpowiedzi
Twoja historia wyników
Nie rozwiązałeś tego quizu